Physical properties of textile fibres (Record no. 24942)

MARC details
000 -LEADER
fixed length control field 00314nam a2200121Ia 4500
082 ## - DEWEY DECIMAL CLASSIFICATION NUMBER
Classification number 677.02
Item number MOR
100 ## - MAIN ENTRY--AUTHOR NAME
Personal name Hearle, J W S
245 #0 - TITLE STATEMENT
Title Physical properties of textile fibres
260 ## - PUBLICATION, DISTRIBUTION, ETC. (IMPRINT)
Place of publication Heinemann
Name of publisher Textile inst
Year of publication 1975
700 ## - ADDED ENTRY--PERSONAL NAME
Personal name Morton, W E
942 ## - ADDED ENTRY ELEMENTS (KOHA)
Koha item type Books
Holdings
Withdrawn status Lost status Damaged status Not for loan Home library Current library Date acquired Cost, normal purchase price Full call number Accession Number Koha item type
        RRII Library RRII Library 16/12/2021 15.00 677.02 MOR 05607 Books